00378 a2200157 450000100060000002000150000604000370002110000190005824000420007724500370011930000070015636200090016365000240017294200070019699900170020372277 a8572780505 cAnchieta - Colégio São Paulo aGalrão, Iray10aAnjinho Jojó o pintor da Terralpor10aAnjinho Jojó o pintor da Terra a260 a1999 4aLiteratura infantil cBK c72277d72277